| 000 | 00999cab a2200241 4500 | ||
|---|---|---|---|
| 001 | ABS41778 | ||
| 008 | 090401t1989 xxu||||| |||| 00| 0 eng d | ||
| 035 | _a(Sirsi) u32397 | ||
| 041 | _aeng | ||
| 100 | _aBromley, R.D.F. | ||
| 245 | 4 | _aThe impact of shop type and spatial structure on shopping linkages in retail parks | |
| 260 | _c1989 | ||
| 350 | _a0 | ||
| 490 |
_aTown Planning Review _v60(1) January 1989, 45-70(26) |
||
| 520 | _aThe potential competitive importance of retail parks highlights the need for information on their functional characteristics. Evidence from two contrasting retail parks in Swansea is used to assess the effects of variations in size, functional mix and spatial structure on inter-store shopping linkages and the efficency of the shopping area. (From Journal Abstract) | ||
| 650 | _aDEVELOPMENT | ||
| 650 | _aOUT-OF-TOWN | ||
| 650 | _aRETAIL | ||
| 690 | _aPROPERTY-COMMERCIAL PROPERTY | ||
| 700 | _aThomas, C.J. | ||
| 942 | _n0 | ||
| 948 | _c04/03/1997 | ||
| 999 |
_c21716 _d21716 |
||